[Event "Schleswig Holstein-ch U16 VM"]
[Site "Neumuenster"]
[Date "2008.03.27"]
[Round "6"]
[White "Weber, Julian Niklas"]
[Black "Kankainen, Niklas"]
[Result "1-0"]
[WhiteElo "894"]
[BlackElo "780"]
[PlyCount "57"]
[EventDate "2008.03.24"]
[EventType "swiss"]
[EventRounds "9"]
[EventCountry "GER"]
[SourceTitle "EXT 2009"]
[Source "ChessBase"]
[SourceDate "2008.11.26"]
[SourceVersion "1"]
[SourceVersionDate "2008.11.26"]
[SourceQuality "1"]

1. d4 d5 2. Nf3 Bg4 3. e3 Nc6 4. Nc3 e5 5. h3 Bxf3 6. Qxf3 exd4 7. Nxd5 Bd6 8. e4 Nb4 9. Nxb4 Bxb4+ 10. c3 dxc3 11. bxc3 Ba5 12. Bc4 Nf6 13. 0-0 0-0 14. e5 Ne4 15. Qxe4 Bxc3 16. Rb1 b6 17. Bb2 Bxb2 18. Rxb2 Qc8 19. e6 fxe6 20. Bxe6+ Qxe6 21. Qxe6+ Kh8 22. Re1 c5 23. Rbe2 h6 24. Qg6 Kg8 25. Re8 Raxe8 26. Rxe8 Rxe8 27. Qxe8+ Kh7 28. Qb8 c4 29. Qxa7 1-0

[Event "Schleswig Holstein-ch U16 VM"]
[Site "Neumuenster"]
[Date "2008.03.24"]
[Round "1"]
[White "Dietrich, Stefan"]
[Black "Weber, Julian Niklas"]
[Result "1-0"]
[WhiteElo "1409"]
[BlackElo "894"]
[PlyCount "103"]
[EventDate "2008.03.24"]
[EventType "swiss"]
[EventRounds "9"]
[EventCountry "GER"]
[SourceTitle "EXT 2009"]
[Source "ChessBase"]
[SourceDate "2008.11.26"]
[SourceVersion "1"]
[SourceVersionDate "2008.11.26"]
[SourceQuality "1"]

1. e4 e5 2. Nf3 Nc6 3. d4 d6 4. Bc4 Bg4 5. d5 Nd4 6. Nbd2 Nxf3+ 7. Nxf3 Nf6 8. Qd3 Be7 9. h3 Bd7 10. Bd2 a6 11. 0-0-0 b5 12. Bb3 a5 13. c3 Qb8 14. Nh4 a4 15. Bc2 a3 16. b4 Nh5 17. Nf5 Bf6 18. g3 g6 19. Nh6 c6 20. Bb3 c5 21. Bc2 c4 22. Qf3 Qd8 23. h4 Rf8 24. Ng4 Bxg4 25. Qxg4 Qd7 26. Qxd7+ Kxd7 27. g4 Nf4 28. g5 Bd8 29. Bxf4 exf4 30. Rh3 Re8 31. Rf3 Bb6 32. Rxf4 Re7 33. Re1 Rf8 34. f3 Kc7 35. Rf6 Kd7 36. f4 Bf2 37. Re2 Bxh4 38. Kd1 h6 39. e5 dxe5 40. fxe5 Bxg5 41. Rf1 f5 42. Rf3 Kc7 43. d6+ Kd7 44. dxe7 Kxe7 45. Ke1 Ke6 46. Kf1 Re8 47. Kg2 Kd5 48. Rf1 Kc6 49. Rd1 Bf4 50. Rd6+ Kc7 51. Rxg6 Bxe5 52. Bxf5 1-0